[Event "26th Bosnjaci Open 2022"]
[Site "Bosnjaci"]
[Date "2022.01.06"]
[Round "5.7"]
[White "Lalic, Kristijan"]
[Black "Tukovic, Dario"]
[Result "1-0"]
[WhiteElo "2215"]
[BlackElo "2017"]
[Annotator "ChessBase"]
[PlyCount "65"]
[EventDate "2022.01.03"]
[EventType "swiss"]
[EventCountry "CRO"]
[SourceTitle "playchess.com"]
[Source "ChessBase"]
[SourceQuality "1"]
[TimeControl "5400+30"]

1. e4 e5 2. f4 d5 3. exd5 exf4 4. Nf3 Nf6 5. Bc4 Nxd5 6. O-O Be6 7. Bb3 c6 8. d4 Be7 9. c4 Ne3 10. Bxe3 fxe3 11. Qe2 O-O 12. Qxe3 Nd7 13. Nc3 Re8 14. Rad1 Bg4 15. c5 Bh5 16. Qf4 Qb8 17. Qf5 Nf6 18. Ne5 Qc8 19. Qf4 Qc7 20. g4 Bxc5 21. gxh5 Bxd4+ 22. Rxd4 Qxe5 23. h6 Qxf4 24. Rdxf4 Re7 25. hxg7 Nd5 26. Bxd5 cxd5 27. Nxd5 Re5 28. Rxf7 Rg5+ 29. Kh1 Rxg7 30. Ne7+ Kh8 31. Rf8+ Rxf8 32. Rxf8+ Rg8 33. Rxg8# 1-0

[Event "26th Bosnjaci Open 2022"]
[Site "Bosnjaci"]
[Date "2022.01.06"]
[Round "5.8"]
[White "Kovacevic, Srecko"]
[Black "Vidovic, Sasa"]
[Result "0-1"]
[WhiteElo "2026"]
[BlackElo "2206"]
[Annotator "ChessBase"]
[PlyCount "80"]
[EventDate "2022.01.03"]
[EventType "swiss"]
[EventCountry "CRO"]
[SourceTitle "playchess.com"]
[Source "ChessBase"]
[SourceQuality "1"]
[TimeControl "5400+30"]

1. Nf3 Nf6 2. g3 d6 3. Bg2 c6 4. O-O Bg4 5. d3 e5 6. Nbd2 Be7 7. b3 O-O 8. Bb2 Nbd7 9. c4 a5 10. a3 Qb6 11. Qc2 Rfe8 12. h3 Bh5 13. g4 Bg6 14. Nh4 Nc5 15. Nxg6 hxg6 16. Bc3 Ne6 17. e3 Bf8 18. b4 axb4 19. axb4 Qc7 20. Qb2 Nd7 21. Nb3 f5 22. Ra3 fxg4 23. hxg4 Nf6 24. f3 Rxa3 25. Qxa3 d5 26. c5 d4 27. Bd2 dxe3 28. Bxe3 Nd5 29. Bf2 Nef4 30. Nc1 Be7 31. Re1 Bg5 32. d4 Re7 33. dxe5 Rxe5 34. Nd3 Rxe1+ 35. Nxe1 Qe7 36. Qb3 Bh4 37. Qb2 Ne2+ 38. Kf1 Ne3+ 39. Bxe3 Ng3+ 40. Kg1 Qxe3+ 0-1

[Event "26th Bosnjaci Open 2022"]
[Site "Bosnjaci"]
[Date "2022.01.06"]
[Round "5.9"]
[White "Dutina, Dario"]
[Black "Kovac, Petar"]
[Result "1-0"]
[WhiteElo "2197"]
[BlackElo "2070"]
[Annotator "TA"]
[PlyCount "126"]
[EventDate "2022.01.03"]
[EventType "swiss"]
[EventCountry "CRO"]
[SourceTitle "playchess.com"]
[Source "ChessBase"]
[SourceQuality "1"]

{[%evp 14,126,25,0,10,0,22,26,35,35,33,33,34,30,66,58,81,41,97,92,97,96,100,45,127,122,117,49,114,17,33,14,99,47,28,42,54,53,275,286,277,287,293,254,243,250,258,258,247,260,247,247,250,268,262,226,288,255,280,212,225,166,239,242,277,275,264,257,377,313,270,308,472,420,523,511,495,476,476,476,410,161,718,716,1025,1010,954,954,784,741,2206,2083,5077,1518,1851,1301,1485,1420,1253,1249,2827,2652,29986,29987,29987,29988,29988,29989,29989,29990,29990,29989,29989,29990,29993]} 1. e4 e5 2. Nf3 Nc6 3. Bc4 Bc5 4. c3 Nf6 5. d3 a6 6. Bb3 O-O 7. O-O d6 8. Bg5 {[%cal Bc1g5,Bg5h4,Bh4g3][%mdl 32]} h6 {C54: Giuoco Piano: 4 c3 Nf6, main lines with 5 d4 and 5 d3.} 9. Bh4 Be6 10. Nbd2 {[#]} Kh8 $146 {White has an edge.} ({Predecessor:} 10... Re8 11. Kh1 Rb8 12. Bd5 Ba7 13. Nc4 Qe7 14. Ne3 Nd8 15. Nf5 Bxf5 16. exf5 Kh7 17. Qe2 g5 18. fxg6+ fxg6 19. Bxf6 Qxf6 20. Nd2 Ne6 {½-½ (20) Cherniaev,A (2472)-Haslinger,S (2438) Hastings 2007}) 11. Nc4 g5 12. Bg3 Ba7 13. Re1 b5 14. Ne3 Ne7 15. Bc2 Ne8 (15... Bxe3 $14 16. Rxe3 Nd7) 16. d4 $16 f6 17. h4 Ng7 18. Nh2 {Prevents g4.} (18. hxg5 $16 hxg5 19. a4) 18... c6 (18... Qe8 $14) 19. hxg5 hxg5 20. Bb3 (20. Nhg4 $16) 20... Qe8 (20... d5 $14) 21. f3 ({White should play} 21. Qf3 $16) 21... Rd8 22. Bf2 Qf7 (22... d5 $11 {remains equal.}) 23. Nhg4 (23. dxe5 $16 dxe5 24. Qc2) 23... d5 $14 24. exd5 (24. dxe5 dxe4 25. Qe2 f5 $17) 24... Nxd5 25. Nxd5 Bxg4 $2 {Loses the game.} (25... cxd5 $14 26. Qe2 exd4) 26. Nb4 $18 ({Less strong is} 26. fxg4 cxd5 27. Qf3 exd4 $16) 26... Be6 27. Nxc6 Rd6 28. Nxa7 Qxa7 {[#]} 29. dxe5 $1 Rxd1 30. Bxa7 Rxa1 31. Rxa1 fxe5 32. Re1 Bxb3 33. axb3 {[%mdl 4096] Endgame KRB-KRN} Re8 34. Bc5 Re6 35. Kf2 Kg8 36. b4 Kf7 37. Ke3 Kg6 (37... Nh5 $142 38. Ra1 Nf6) 38. Rd1 Nf5+ 39. Ke4 Ng3+ 40. Kd5 Re8 (40... Kf7 $142 41. Re1 Nh5 42. Rxe5 Nf4+ 43. Ke4 Rxe5+ 44. Kxe5 Nxg2) 41. Re1 Rd8+ 42. Kc6 Kf6 (42... Rd2 $142 43. Rxe5 Rxg2) 43. Kb6 Rd2 44. Kxa6 Rxg2 45. Kxb5 Rxb2 46. Bd6 Ne2 47. Kc5 $2 (47. Kc4) 47... Kf5 $2 (47... e4) 48. c4 Kf4 49. b5 Kxf3 50. Bxe5 Rb3 51. b6 {[#] Black must now prevent Kc6.} g4 52. Kc6 {Strongly threatening b7.} g3 53. b7 {[%cal Oe1e2] White threatens Rxe2! and mate.} g2 54. Bh2 Rb4 55. c5 Nd4+ 56. Kd5 {And now c6 would win.} Kf2 57. Ra1 {aiming for c6.} ({Inferior is} 57. b8=R Rxb8 58. Rd1 Rd8+ 59. Kc4 Ne6 60. Bg1+ (60. Rxd8 Nxd8 61. Kd5 g1=Q $11) 60... Kg3 61. Rxd8 Nxd8 $11) 57... Nf3 58. b8=Q {White mates.} Rxb8 59. Bxb8 g1=Q 60. Rxg1 Nxg1 61. c6 {[%cal Bc5c6,Bc6c7][%mdl 32]} Ne2 62. c7 Nc3+ 63. Kc6 Nd5 {Weighted Error Value: White=0.24 (precise) /Black=0.54} 1-0

[Event "26th Bosnjaci Open 2022"]
[Site "Bosnjaci"]
[Date "2022.01.06"]
[Round "5.10"]
[White "Zlatarevic, Ivan"]
[Black "Nemec, Vjekoslav"]
[Result "0-1"]
[WhiteElo "2037"]
[BlackElo "2194"]
[Annotator "ChessBase"]
[PlyCount "62"]
[EventDate "2022.01.03"]
[EventType "swiss"]
[EventCountry "CRO"]
[SourceTitle "playchess.com"]
[Source "ChessBase"]
[SourceQuality "1"]
[TimeControl "5400+30"]

1. d4 Nf6 2. c4 g6 3. g3 Bg7 4. Bg2 d5 5. Nf3 c6 6. Nbd2 O-O 7. O-O a5 8. b3 a4 9. Bb2 Bf5 10. Nh4 Be6 11. h3 a3 12. Bc3 c5 13. e3 cxd4 14. Bxd4 Nc6 15. Nhf3 dxc4 16. Nxc4 Nxd4 17. Nxd4 Bd5 18. Bxd5 Nxd5 19. Rc1 Qd7 20. Kh2 b5 21. Nd2 Nb4 22. Ne4 Nxa2 23. Ra1 Nb4 24. Qd2 Nc6 25. Rfd1 Rfd8 26. Qc1 Nxd4 27. exd4 Qf5 28. Qe3 Qd5 29. Ra2 Bxd4 30. Qf4 Qf5 31. Qh4 Qh5 0-1

[Event "26th Bosnjaci Open 2022"]
[Site "Bosnjaci"]
[Date "2022.01.06"]
[Round "5.11"]
[White "Saric, Luka"]
[Black "Pasalic, Adnan"]
[Result "1/2-1/2"]
[WhiteElo "2176"]
[BlackElo "1983"]
[Annotator "ChessBase"]
[PlyCount "92"]
[EventDate "2022.01.03"]
[EventType "swiss"]
[EventCountry "CRO"]
[SourceTitle "playchess.com"]
[Source "ChessBase"]
[SourceQuality "1"]
[TimeControl "5400+30"]

1. d4 e6 2. c4 d5 3. Nf3 Nf6 4. g3 Be7 5. Bg2 O-O 6. O-O b6 7. Ne5 Bb7 8. Nc3 Nbd7 9. Qa4 Nxe5 10. dxe5 Ne4 11. Nxe4 dxe4 12. Rd1 Qe8 13. Qc2 Qc6 14. Rd4 Qc5 15. Rd7 Rad8 16. Be3 Qxe5 17. Bf4 Qf6 18. Rxc7 Ba8 19. Bxe4 Bxe4 20. Qxe4 Bc5 21. Qe5 Qg6 22. Qg5 a5 23. Qxg6 hxg6 24. Rc1 f6 25. Rc2 Rd1+ 26. Kg2 Rfd8 27. Kf3 g5 28. Be3 Bxe3 29. Kxe3 f5 30. Rc6 Kf7 31. Rxb6 R8d4 32. f3 f4+ 33. Kf2 Rh1 34. Kg2 Rdd1 35. e3 fxe3 36. Re2 Rd2 37. Kxh1 Rxe2 38. Kg1 Rc2 39. Kf1 Kf6 40. Rb3 Rxh2 41. Rxe3 Rxb2 42. Ra3 Rc2 43. Rxa5 Rxc4 44. Rb5 Rc1+ 45. Ke2 Rc2+ 46. Ke3 Rxa2 1/2-1/2

[Event "26th Bosnjaci Open 2022"]
[Site "Bosnjaci"]
[Date "2022.01.06"]
[Round "5.12"]
[White "Pestek, Elvis"]
[Black "Miletic, Josip"]
[Result "1/2-1/2"]
[WhiteElo "2005"]
[BlackElo "2161"]
[Annotator "TA"]
[PlyCount "140"]
[EventDate "2022.01.03"]
[EventType "swiss"]
[EventCountry "CRO"]
[SourceTitle "playchess.com"]
[Source "ChessBase"]
[SourceQuality "1"]

{[%evp 9,140,64,81,85,76,85,105,61,60,66,69,47,68,55,76,66,85,37,38,32,49,32,63,-18,-15,-33,-25,-27,0,-41,0,-24,-24,-19,18,-15,87,43,47,31,104,87,93,66,79,29,37,-18,15,-11,-5,-8,84,21,101,84,87,83,82,59,55,35,42,31,42,10,75,47,130,125,143,121,141,0,20,39,30,0,0,0,0,0,0,0,0,0,0,0,0,0,0,0,0,0,0,0,0,0,8,8,8,8,14,0,47,39,39,8,14,8,8,8,8,8,136,8,8,8,8,7,7,0,7,7,8,8,8,8,8,8,8,0,0]} 1. e4 g6 2. Nf3 Bg7 3. d4 d6 4. h3 Nh6 5. Nc3 f6 6. Bc4 {B06: Modern Defence.} Nf7 7. Be3 c6 {[#]} 8. Bb3 $146 {White is much more active.} (8. h4 $16) ({Predecessor:} 8. Qd2 b5 9. Bxf7+ Kxf7 10. O-O g5 11. Nh2 h5 12. f4 g4 13. h4 f5 14. g3 {0-1 (25) Velandia Rojas,D (1627)-Vargas Arteaga,A (2303) Bucaramanga 2016}) 8... e6 $14 9. Qd2 Na6 10. Ne2 Qe7 11. O-O-O b6 12. Kb1 Bb7 13. Rhe1 ({White should play} 13. d5 $16) 13... O-O-O 14. Nf4 d5 15. exd5 exd5 16. Qc3 (16. c4 $14 dxc4 17. Bxc4) 16... Nc7 $1 $11 17. a4 {[%cal Ba2a4,Ba4a5,Ba5a6][%mdl 32]} Nd6 18. Qb4 Qd7 19. Nd3 (19. a5 $11 {might be stronger.}) 19... Ne4 (19... Bf8 $15 20. Qd2 g5) 20. a5 Bf8 21. Qa4 Nb5 22. Qa1 (22. Kc1 $5 {[%cal Ra5a6]}) 22... c5 (22... Kb8 $11) 23. dxc5 (23. axb6 $16 axb6 24. dxc5 bxc5 25. c4) 23... bxc5 $14 24. a6 Bc6 (24... Ba8 $1 $14) 25. Nf4 $1 $16 {And now Nxd5 would win.} Nc7 26. Qa5 $36 {[%mdl 2048] White is pushing.} g5 {[#]} 27. Ne2 (27. Nxd5 $1 $16 Bxd5 28. c4) 27... Bd6 $11 28. c3 (28. Nc3 $14 Nxc3+ 29. Qxc3 (29. bxc3 c4 $11)) 28... h6 29. Nd2 (29. Ng3 $5 Nxg3 30. Bxc5 $11 (30. fxg3 Bb5 $11)) 29... Nxd2+ 30. Rxd2 Qe7 (30... Bb5 $1 $11) 31. Bc2 ({Better is} 31. Ng3 $1 $16 {[%cal Rg3f5]}) 31... Bb5 (31... Nb5 $11) 32. Ng3 Bxg3 (32... Bxa6 $2 33. Nf5 Qe8 34. Rxd5 $3 $18 {[%mdl 512]}) 33. fxg3 Qd6 34. Red1 Rhe8 35. Bf2 Qb6 36. Qa3 Nxa6 37. Rxd5 Bc6 (37... Rxd5 $11 {keeps the balance.} 38. Rxd5 Re2 39. Bf5+ (39. Bxc5 Re1+ 40. Ka2 Qe6 $11) 39... Kb7 40. Bxc5 Re1+ 41. Kc2 Re2+ 42. Kd1 Nxc5 43. Qxc5 Qxc5 44. Rxc5 Rxb2) 38. Bf5+ Kc7 (38... Kb7 $1 $14 39. Rxd8 (39. Bxc5 Rxd5 40. Rxd5 Re1+ 41. Kc2 Re2+ 42. Kb1 Re1+ 43. Kc2 Nxc5 $11) 39... Rxd8 40. Rxd8 Qxd8) 39. Rxd8 $1 $16 Rxd8 40. Rxd8 {Chess con chili.} Kxd8 41. g4 (41. Qa2 $16 {Strongly threatening Qg8+.} Bd7 42. Bd3 (42. Qd5 Qc6 $16)) 41... Bxg2 (41... Qb5 $5 {[%cal Rb5f1]} 42. Be3 Qc4 $11) 42. Bd3 {This bishop pair is nice.} Bb7 43. Bxa6 Qxa6 44. Qxc5 Be4+ 45. Kc1 Qf1+ 46. Kd2 {Black must now prevent Qf8+.} Qd3+ 47. Ke1 Qb1+ 48. Ke2 {Threatens to win with Qd6+.} Qd3+ 49. Ke1 Qb1+ 50. Ke2 Qc2+ 51. Ke1 Qb1+ 52. Ke2 Qd3+ 53. Ke1 Bf3 {[%csl Gf3][%cal Rd3e2]} 54. Qd4+ Qxd4 55. Bxd4 $11 {[%mdl 4096] Endgame KB-KB} Ke7 56. Bxa7 h5 (56... Bg2 $11) 57. gxh5 $14 Bxh5 58. Kf2 f5 {[%cal Bf6f5,Bf5f4][%mdl 32]} 59. Kg3 f4+ 60. Kf2 Bf7 61. Bb8 {[%cal Ob8f4]} Bb3 {[#]} (61... Be6 $11 {remains equal.}) 62. h4 (62. Bxf4 $1 $16 {[%mdl 512]} gxf4 (62... Kf6 63. Bg3) 63. Kf3) 62... gxh4 $11 {The position is equal.} 63. Bxf4 Ke6 64. Ke3 Kd5 $1 65. Kd3 Kc5 66. Be3+ Kb5 67. Kd4 h3 {( -> ...h2)} 68. Bg1 Bg8 69. Bh2 Bf7 70. Kd3 Bb3 {Weighted Error Value: White=0.23 (precise) /Black=0.21 (precise)} 1/2-1/2

[Event "26th Bosnjaci Open 2022"]
[Site "Bosnjaci"]
[Date "2022.01.06"]
[Round "5.13"]
[White "Dubrovic, Mihovil"]
[Black "Vujnovic, Patricija"]
[Result "0-1"]
[WhiteElo "1975"]
[BlackElo "2138"]
[Annotator "NA"]
[PlyCount "60"]
[EventDate "2022.01.03"]
[EventType "swiss"]
[EventCountry "CRO"]
[SourceTitle "playchess.com"]
[Source "ChessBase"]
[SourceQuality "1"]
[TimeControl "5400+30"]

1. e4 c6 2. d3 d5 3. Nd2 e5 4. Ngf3 Bd6 5. g3 Nf6 6. Bg2 O-O 7. O-O Re8 8. Re1 Nbd7 9. c3 a5 10. d4 {has lost popularity (10.a4).} exd4 11. Nxd4 Nc5 12. exd5 Rxe1+ 13. Qxe1 cxd5 14. N2b3 Nd3 {[#]} 15. Qd2 $146 ({Predecessor:} 15. Qe2 Nxc1 16. Rxc1 a4 17. Nd2 Bd7 18. Nf1 Qb6 {½-½ (18) Kratochvil,M (2205)-Pisk,P (2349) Czech Republic 2017}) 15... Nxc1 16. Rxc1 a4 17. Na1 Bd7 18. Nac2 a3 19. b3 Bc5 20. Re1 Qc7 21. Ne3 Bc6 22. b4 Bxd4 23. Qxd4 Re8 24. Rd1 $16 h6 25. Qa7 Qe5 26. Qd4 Qh5 27. Nxd5 Bxd5 28. Bxd5 Nxd5 29. g4 Qg5 30. Qxd5 Re1+ 0-1

[Event "26th Bosnjaci Open 2022"]
[Site "Bosnjaci"]
[Date "2022.01.06"]
[Round "5.14"]
[White "Dabic, Stjepan"]
[Black "Stjepic, Borna"]
[Result "1-0"]
[WhiteElo "2161"]
[BlackElo "1860"]
[Annotator "ChessBase"]
[PlyCount "57"]
[EventDate "2022.01.03"]
[EventType "swiss"]
[EventCountry "CRO"]
[SourceTitle "playchess.com"]
[Source "ChessBase"]
[SourceQuality "1"]
[TimeControl "5400+30"]

1. d4 Nf6 2. c4 e6 3. Nc3 Bb4 4. e3 O-O 5. Bd3 c5 6. Nf3 b6 7. O-O Bxc3 8. bxc3 Nc6 9. d5 Na5 10. e4 Ne8 11. Bg5 f6 12. Bh4 Ba6 13. Nd2 Nd6 14. e5 g5 15. exd6 gxh4 16. Qg4+ Kh8 17. dxe6 f5 18. Bxf5 dxe6 19. Be4 Qxd6 20. Qxh4 Rf7 21. Bxa8 Qxd2 22. Rad1 Qf4 23. Rd8+ Kg7 24. Qxf4 Rxf4 25. Rd7+ Kg6 26. Rxa7 Bc8 27. Rd1 Rxc4 28. Rd8 Rxc3 29. h3 1-0

[Event "26th Bosnjaci Open 2022"]
[Site "Bosnjaci"]
[Date "2022.01.06"]
[Round "5.15"]
[White "Hodak, Stevo"]
[Black "Sabic, Tomislav"]
[Result "1/2-1/2"]
[WhiteElo "2133"]
[BlackElo "1939"]
[Annotator "ChessBase"]
[PlyCount "108"]
[EventDate "2022.01.03"]
[EventType "swiss"]
[EventCountry "CRO"]
[SourceTitle "playchess.com"]
[Source "ChessBase"]
[SourceQuality "1"]
[TimeControl "5400+30"]

1. e4 c5 2. Nf3 Nc6 3. Bb5 e6 4. O-O Nge7 5. c3 a6 6. Bxc6 Nxc6 7. d4 cxd4 8. cxd4 d5 9. exd5 exd5 10. Re1+ Be7 11. Bg5 O-O 12. Bxe7 Nxe7 13. Ne5 Nc6 14. Nxc6 bxc6 15. Nc3 Rb8 16. b3 Qf6 17. Qd2 a5 18. Rad1 h5 19. Qe3 h4 20. Qe5 Qg6 21. Ne2 Ba6 22. Nf4 Qc2 23. Qg5 Qh7 24. Rc1 Rbe8 25. Rxe8 Rxe8 26. h3 f6 27. Qg4 Bc8 28. Qf3 Bd7 29. Nd3 Qh6 30. Re1 Rxe1+ 31. Nxe1 Qd2 32. Qe3 Qxe3 33. fxe3 Bf5 34. Kf2 Be4 35. Nf3 Bxf3 36. Kxf3 Kf7 37. Kg4 g5 38. Kf5 Ke7 39. a3 Kf7 40. b4 axb4 41. axb4 Ke7 42. e4 dxe4 43. Kxe4 Ke6 44. d5+ cxd5+ 45. Kd4 Kd6 46. b5 f5 47. b6 g4 48. b7 Kc7 49. Kxd5 gxh3 50. gxh3 Kxb7 51. Ke5 Kc7 52. Kxf5 Kd7 53. Kg5 Ke7 54. Kxh4 Kf7 1/2-1/2

[Event "26th Bosnjaci Open 2022"]
[Site "Bosnjaci"]
[Date "2022.01.06"]
[Round "6.1"]
[White "Saric, Kristina"]
[Black "Saric, Ante"]
[Result "1/2-1/2"]
[WhiteElo "2148"]
[BlackElo "2530"]
[Annotator "TA"]
[PlyCount "38"]
[EventDate "2022.01.03"]
[EventType "swiss"]
[EventCountry "CRO"]
[SourceTitle "playchess.com"]
[Source "ChessBase"]
[SourceQuality "1"]

{[%evp 21,23,-8,-8,-20]} 1. d4 Nf6 2. Nf3 e6 3. Bf4 d5 4. c3 c5 5. e3 Nc6 6. Nbd2 Bd6 7. Bxd6 Qxd6 8. Be2 O-O 9. O-O e5 10. dxe5 Nxe5 11. Nxe5 Qxe5 12. Nf3 {[#] A rather calm draw. D02: 1 d4 d5 2 Nf3 sidelines, including 2...Nf6 3 g3 and 2...Nf6 3 Bf4.} {Predecessor:} Qe7 $146 13. c4 dxc4 14. Bxc4 b6 15. a4 Bb7 16. Qe2 a6 17. Rfd1 Qc7 18. h3 h6 19. Rd2 Rfe8 {1-0 (70) Barbosa,O (2509)-Lenderman,A (2624) New York 2021} 1/2-1/2

[Event "26th Bosnjaci Open 2022"]
[Site "Bosnjaci"]
[Date "2022.01.06"]
[Round "6.2"]
[White "Tica, Sven"]
[Black "Stocko, Josip"]
[Result "1/2-1/2"]
[WhiteElo "2419"]
[BlackElo "2231"]
[Annotator "ChessBase"]
[PlyCount "71"]
[EventDate "2022.01.03"]
[EventType "swiss"]
[EventCountry "CRO"]
[SourceTitle "playchess.com"]
[Source "ChessBase"]
[SourceQuality "1"]
[TimeControl "5400+30"]

1. d4 Nf6 2. c4 e6 3. g3 d5 4. Bg2 dxc4 5. Nf3 a6 6. O-O Nc6 7. e3 Rb8 8. Qe2 b5 9. b3 cxb3 10. axb3 Bb4 11. Bb2 O-O 12. Rd1 Qe7 13. Nbd2 Bb7 14. e4 Na7 15. e5 Nd5 16. Ne4 Nc8 17. Rdc1 c6 18. Ne1 Ncb6 19. Nd3 a5 20. Ndc5 Ra8 21. Nd6 Bc8 22. Qc2 f5 23. Nd3 Bxd6 24. exd6 Qxd6 25. Qxc6 Qxc6 26. Rxc6 a4 27. Nc5 axb3 28. Rxa8 Nxa8 29. Nxe6 Nb4 30. Nxf8 Nxc6 31. Bxc6 Nb6 32. Bxb5 Kxf8 33. Kf1 Be6 34. Ke1 Nc4 35. Bxc4 Bxc4 36. Kd2 1/2-1/2

[Event "26th Bosnjaci Open 2022"]
[Site "Bosnjaci"]
[Date "2022.01.06"]
[Round "6.3"]
[White "Vidovic, Sasa"]
[Black "Kovacevic, Blazimir"]
[Result "0-1"]
[WhiteElo "2206"]
[BlackElo "2399"]
[Annotator "TA"]
[PlyCount "90"]
[EventDate "2022.01.03"]
[EventType "swiss"]
[EventCountry "CRO"]
[SourceTitle "playchess.com"]
[Source "ChessBase"]
[SourceQuality "1"]

{[%evp 13,89,-14,0,-7,11,6,0,0,0,-4,0,0,0,-5,0,0,0,-37,0,0,0,-8,-2,-10,-10,-10,-9,-9,-8,-6,-12,-8,-8,-13,0,0,0,-3,0,-5,0,-3,0,-26,-26,-27,-14,-73,-60,-54,-46,-100,-100,-107,0,-57,-20,-52,-6,-6,-6,-80,-66,-68,0,0,0,0,0,0,0,0,0,0,0,-29998,-29999,-29999]} 1. b3 d5 2. Bb2 Nf6 3. e3 g6 4. Nf3 Bg7 5. Be2 O-O 6. O-O c5 7. d3 Nc6 8. Ne5 {A05: Réti Opening: 1 Nf3 Nf6.} Nxe5 9. Bxe5 Ne8 10. Bxg7 {The position is equal.} Nxg7 11. Nd2 {[#]} d4 $146 ({Predecessor:} 11... b6 12. c4 Bb7 13. cxd5 Qxd5 14. Bf3 Qd7 15. Bxb7 Qxb7 16. Qc2 Rfd8 17. Rfd1 {½-½ (17) Paschall,W (2352)-Berczes,C (2419) Budapest 2007}) 12. e4 e5 13. f4 exf4 14. Rxf4 f5 15. exf5 Bxf5 16. Rf1 Qc7 17. Bf3 Rae8 18. Ne4 Bxe4 19. Bxe4 Nh5 20. Qd2 Nf6 21. Bf3 Kg7 22. Rae1 b6 23. a4 a5 24. Rxe8 Rxe8 25. Re1 Rf8 26. Rf1 Re8 27. Re1 Re5 28. Rf1 Qe7 29. Qf2 $1 Ne8 30. Bg4 (30. h4 $11) 30... h5 $17 31. Bf3 Nd6 32. h3 {[#]} (32. g4 $15) 32... Nf5 $1 {Black is more active.} 33. Be4 {[%cal Re4f5] [#]} Nd6 (33... Ne3 $1 $17 {[%cal Re3f1]} 34. Rc1 Re6) 34. Bf3 $1 $15 Qf6 35. Re1 Qf4 (35... Rxe1+ $15 36. Qxe1 Nf5) 36. Rxe5 $1 $11 Qxe5 37. Qh4 (37. g4 $11 {keeps the balance.}) 37... Nf5 (37... Qe3+ {looks sharper.} 38. Kh2 Nf5 39. Qd8 Qf4+ 40. Kg1 h4) 38. Qd8 Qf6 ({Better is} 38... Qe3+ $15 39. Kh2 Qe5+ 40. Kg1 Qe1+ 41. Kh2 Qg3+ 42. Kh1 Qe1+ 43. Kh2 Qg3+ 44. Kg1 h4) 39. Qc7+ Kh6 40. Qf4+ $1 g5 41. Qb8 Ne3 42. Qg8 g4 43. hxg4 hxg4 44. Bxg4 {[%mdl 8192]} (44. Be4 $11) 44... Qf1+ 45. Kh2 Qxg2# {Weighted Error Value: White=0.24 (precise) /Black=0.10 (very precise)} 0-1

[Event "26th Bosnjaci Open 2022"]
[Site "Bosnjaci"]
[Date "2022.01.06"]
[Round "6.4"]
[White "Zovko, Mario"]
[Black "Lalic, Kristijan"]
[Result "1/2-1/2"]
[WhiteElo "2297"]
[BlackElo "2215"]
[Annotator "NA RC"]
[PlyCount "37"]
[EventDate "2022.01.03"]
[EventType "swiss"]
[EventCountry "CRO"]
[SourceTitle "playchess.com"]
[Source "ChessBase"]
[SourceQuality "1"]
[TimeControl "5400+30"]

1. e4 e6 2. d4 d5 3. Nd2 dxe4 4. Nxe4 Bd7 5. Nf3 Bc6 6. Bd3 Nd7 7. O-O Ngf6 8. Ng3 Be7 9. Qe2 O-O 10. Rd1 Bxf3 11. Qxf3 c6 12. c4 Re8 13. Bf4 a5 14. Rac1 a4 15. Qe2 Qb6 16. Be5 c5 17. Bb1 cxd4 18. Bxd4 Bc5 19. Bc3 1/2-1/2

[Event "26th Bosnjaci Open 2022"]
[Site "Bosnjaci"]
[Date "2022.01.06"]
[Round "6.5"]
[White "Bobanac, Miro"]
[Black "Dutina, Dario"]
[Result "1-0"]
[WhiteElo "2261"]
[BlackElo "2197"]
[Annotator "ChessBase"]
[PlyCount "63"]
[EventDate "2022.01.03"]
[EventType "swiss"]
[EventCountry "CRO"]
[SourceTitle "playchess.com"]
[Source "ChessBase"]
[SourceQuality "1"]
[TimeControl "5400+30"]

1. Nf3 g6 2. d4 Nf6 3. b3 Bg7 4. Bb2 d5 5. c4 dxc4 6. bxc4 c5 7. e3 O-O 8. Be2 cxd4 9. exd4 Qa5+ 10. Nbd2 Ne4 11. O-O Nc3 12. Bxc3 Qxc3 13. Rc1 Qa5 14. Qb3 Rd8 15. c5 Bxd4 16. Bc4 e6 17. Nxd4 Rxd4 18. Nf3 Rd8 19. Qe3 Kg7 20. Ne5 h5 21. Rfd1 f6 22. Qg3 fxe5 23. Bd3 Rxd3 24. Qxe5+ Kh7 25. Rxd3 Nc6 26. Qd6 e5 27. Qf8 Qc7 28. Rf3 Nd8 29. Rf6 Bf5 30. Rd1 Qa5 31. h3 Be6 32. Rxe6 1-0